[Event "It (open)"]
[Site "masterchessopen.com Napoli (Italy)"]
[Date "2010.02.11"]
[Round "5"]
[White "Solombrino Giovanni (ITA)"]
[Black "Puglisi Vincenzo (ITA)"]
[Result "0-1"]
[WhiteElo "1848"]
[BlackElo "2030"]

1.e4 c5 2.Nf3 d6 3.d4 cxd4 4.Nxd4 Nf6 5.Nc3 a6 6.Bg5 Nbd7 7.f4 e5 8.Nf5 Qb6
9.Rb1 h6 10.Bh4 exf4 11.Bf2 Qc7 12.Qd2 d5 13.Bd3 Bb4 14.exd5 Nxd5 15.Bd4 N7f6
16.a3 Bxc3 17.bxc3 Bxf5 18.Bxf5 O-O 19.O-O Rfe8 20.Rbe1 Ne3 21.Bxe3 fxe3
22.Rxe3 Qc5 23.Re1 Rxe3 24.Rxe3 Qxf5 {#R} 0-1

[Event "Tournament (open) \"]
[Site "masterchessopen.com Athens (Greece)"]
[Date "2010.02.18"]
[Round "6"]
[White "Ntatsis Georgios (GRE)"]
[Black "Koutsoukos Konstantinos (GRE)"]
[Result "1-0"]
[WhiteElo "1992"]
[BlackElo "1645"]

1.e4 c5 2.Nf3 d6 3.d4 cxd4 4.Nxd4 Nf6 5.Nc3 a6 6.Bg5 Nbd7 7.f4 h6 8.Bh4 e5
9.Nf5 Qc7 10.Qd2 g6 11.Ne3 exf4 12.Ned5 Qd8 13.Bb5 g5 14.Nxf6+ Qxf6 15.Bxd7+
Bxd7 16.Bf2 Bg7 17.Nd5 Qxb2 18.Nc7+ Ke7 19.O-O Bc3 20.Nd5+ Kf8 21.Nxc3 Rc8
22.Qxd6+ Ke8 23.Qe5+ Be6 24.Qxh8+ {#r} 1-0

[Event "Ch Moscow (final) (KO-system)"]
[Site "masterchessopen.com Moscow (Russia)"]
[Date "2010.03.26"]
[Round "1"]
[White "Zaitsev Igor A (RUS)"]
[Black "Dobrov Vladimir (RUS)"]
[Result "0-1"]
[WhiteElo "2408"]
[BlackElo "2516"]

1.e4 c5 2.Nf3 d6 3.d4 cxd4 4.Nxd4 Nf6 5.Nc3 a6 6.Bg5 Nbd7 7.Be2 e6 8.O-O Be7
9.Kh1 Qc7 10.f4 b5 11.a3 Bb7 12.Bf3 O-O 13.Qe2 Rab8 14.Rae1 h6 15.Bh4 Qc4
16.Qd1 Rfd8 17.Nb3 Ba8 18.Bf2 Nb6 19.Nd4 Bf8 20.Bh4 Be7 21.Bf2 Nfd7 22.e5 dxe5
23.fxe5 Bxf3 24.Qxf3 Nxe5 25.Qe4 Nbd7 26.Bg3 Rbc8 27.Ndxb5 axb5 28.Bxe5 Qxe4
29.Rxe4 Nxe5 30.Rxe5 Bxa3 31.Nd1 Be7 {#R} 0-1

[Event "Ch Schleswig Holstein (seniors)"]
[Site "masterchessopen.com Buesum (Germany)"]
[Date "2010.04.02"]
[Round "9"]
[White "Stomprowski Eckhard (GER)"]
[Black "Berenstein Alexande (UKR)"]
[Result "0-1"]
[WhiteElo "1899"]
[BlackElo "2125"]

1.e4 c5 2.Nf3 d6 3.d4 cxd4 4.Nxd4 Nf6 5.Nc3 a6 6.Bg5 Nbd7 7.f4 Qa5 8.Nb3 Qc7
9.Qf3 g6 10.O-O-O Bg7 11.Be2 Rb8 12.g4 b5 13.f5 Ne5 14.Qh3 Bb7 15.Bxf6 Bxf6
16.Qh6 Nc4 17.Bxc4 Qxc4 18.Na5 Qb4 19.Nxb7 Rxb7 20.a3 Qc4 21.Nd5 Be5 22.Kb1
Qxe4 23.f6 e6 24.Qg7 Rf8 25.Ne7 Rxe7 26.Rde1 Qd5 27.Rhf1 Rc7 28.Rd1 Qc4 {#R}
0-1

[Event "Ch Romania (juniors) (under 18)"]
[Site "masterchessopen.com Voineasa (Romania)"]
[Date "2010.04.13"]
[Round "8"]
[White "Petrisor Adrian (ROM)"]
[Black "Hajbok Robert (ROM)"]
[Result "1-0"]
[WhiteElo "2351"]
[BlackElo "2280"]

1.e4 c5 2.Nf3 d6 3.d4 cxd4 4.Nxd4 Nf6 5.Nc3 a6 6.Be3 Ng4 7.Bc1 Nf6 8.Bg5 Nbd7
9.Qd2 e6 10.O-O-O h6 11.Be3 Ng4 12.Be2 Nxe3 13.Qxe3 Be7 14.Kb1 b5 15.e5 Bg5
16.f4 dxe5 17.Nxe6 exf4 18.Qe4 fxe6 19.Bh5+ Kf8 20.Qxa8 Qc7 21.Rhe1 g6 22.Rxe6
Ne5 23.Rxe5 Kg7 24.Qd5 Bf6 25.Re6 b4 26.Rxf6 Kxf6 27.Qd4+ Kg5 28.Qxh8 Kxh5
29.Nd5 {#r} 1-0

[Event "Extra League 2009/10"]
[Site "masterchessopen.com Czech Republic"]
[Date "2010.04.18"]
[Round "11"]
[White "Vyskocil Neklan (CZE)"]
[Black "Dydyshko Viacheslav (BLR)"]
[Result "0-1"]
[WhiteElo "2376"]
[BlackElo "2547"]

1.e4 c5 2.Nf3 d6 3.d4 cxd4 4.Nxd4 Nf6 5.Nc3 a6 6.Bg5 Nbd7 7.Bc4 h6 8.Bh4 Qb6
9.Bb3 e6 10.Qd2 Nc5 11.O-O-O Be7 12.Rhe1 O-O 13.g3 Qc7 14.f4 Kh8 15.Nf3 Rd8
16.g4 b5 17.g5 Ng8 18.gxh6 Nxh6 19.Bg5 Bb7 20.Qg2 b4 21.Nd5 Nxb3+ 22.axb3 exd5
23.exd5 Re8 24.Bxh6 gxh6 25.Rg1 Bf6 26.Qh3 Bg7 27.Rxg7 Kxg7 28.Nd4 Rh8 29.Qg4+
{#R} 0-1

[Event "Ch Bulgaria (seniors)"]
[Site "masterchessopen.com Sofia (Bulgaria)"]
[Date "2010.05.15"]
[Round "3"]
[White "Karadimov Marin (BUL)"]
[Black "Mahlev Atanas (BUL)"]
[Result "1-0"]
[WhiteElo "2055"]
[BlackElo "1958"]

1.e4 c5 2.Nf3 d6 3.d4 cxd4 4.Nxd4 Nf6 5.Nc3 a6 6.Bg5 Nbd7 7.Bc4 b5 8.Bb3 Bb7
9.f3 e6 10.Qd2 Nc5 11.O-O-O Nxb3+ 12.cxb3 h6 13.Be3 Rc8 14.Kb1 Be7 15.g4 Nd7
16.h4 h5 17.Qg2 g6 18.gxh5 Rxh5 19.Nxe6 Qa5 20.Ng7+ Kf8 21.Nxh5 gxh5 22.Bh6+
Ke8 23.Qg8+ Nf8 24.Nd5 Bxd5 25.exd5 Qc7 26.Rhe1 Qc2+ 27.Ka1 Qf5 28.Qxf8+ {#r}
1-0

[Event "Ch Austria (juniors) (under 14)"]
[Site "masterchessopen.com Eisenstadt (Austria)"]
[Date "2010.05.22"]
[Round "1"]
[White "Frank Jeremias (AUT)"]
[Black "Kessler Luca (AUT)"]
[Result "1-0"]
[WhiteElo "1839"]
[BlackElo "2098"]

1.e4 c5 2.Nf3 d6 3.d4 cxd4 4.Nxd4 Nf6 5.Nc3 a6 6.Bg5 Nbd7 7.f4 b5 8.Qf3 Bb7
9.O-O-O Qa5 10.Nb3 Qc7 11.Bd3 e6 12.Rhe1 Be7 13.Qg3 b4 14.Nd5 exd5 15.exd5 Kf8
16.Nd4 g6 17.Bh6+ Ke8 18.f5 Ne5 19.Nf3 Nxd3+ 20.Rxd3 Kd8 21.Bg5 h6 22.Qh4 hxg5
23.Qxh8+ Kd7 24.Rxe7+ Kxe7 25.Re3+ {#r} 1-0

[Event "It \"]
[Site "masterchessopen.com Bad Homburg (Germany)"]
[Date "2010.06.03"]
[Round "2"]
[White "Milov Leonid (GER)"]
[Black "Muheim Sebastien (FRA)"]
[Result "1-0"]
[WhiteElo "2561"]
[BlackElo "2105"]

1.e4 c5 2.Nf3 d6 3.d4 Nf6 4.Nc3 cxd4 5.Nxd4 a6 6.Bg5 Nbd7 7.Qe2 g6 8.f4 Bg7
9.O-O-O Qa5 10.Nb3 Qc7 11.g3 O-O 12.Bg2 Nb6 13.e5 dxe5 14.Qxe5 Qxe5 15.fxe5
Ng4 16.Bxe7 Re8 17.Bc5 Nc4 18.Nd5 Bxe5 19.c3 Bf5 20.h3 Nf6 21.Ne7+ Rxe7
22.Bxe7 Nd7 23.Nd4 Bxd4 24.Rxd4 Nde5 25.Rhd1 {#r} 1-0

[Event "It (open)"]
[Site "masterchessopen.com Santo-Domingo (Dominicana)"]
[Date "2010.06.03"]
[Round "2"]
[White "Santos Genesis"]
[Black "Abreu Jorge D (DOM)"]
[Result "1-0"]
[WhiteElo "2116"]
[BlackElo "2385"]

1.e4 c5 2.Nf3 d6 3.d4 cxd4 4.Nxd4 Nf6 5.Nc3 a6 6.Bg5 Nbd7 7.Bc4 Qc7 8.Bb3 g6
9.Qd2 Bg7 10.O-O-O b5 11.f4 Bb7 12.Rhe1 Nc5 13.e5 Nxb3+ 14.axb3 dxe5 15.fxe5
Ng4 16.Qe2 Nxe5 17.Kb1 Bc8 18.Nd5 Qb7 19.Nf3 Bg4 20.Bxe7 Rc8 21.Bf6 O-O
22.Qxe5 Rfe8 23.Qxe8+ Rxe8 24.Rxe8+ Bf8 25.Ne7+ {#r} 1-0

[Event "Ch Region"]
[Site "masterchessopen.com Saratov (Russia)"]
[Date "2010.06.06"]
[Round "6"]
[White "Rjanova Valery (RUS)"]
[Black "Kvitka Roman (RUS)"]
[Result "1-0"]
[WhiteElo "2140"]
[BlackElo "2024"]

1.e4 c5 2.Nf3 d6 3.d4 cxd4 4.Nxd4 Nf6 5.Nc3 a6 6.Bg5 Nbd7 7.Bc4 b5 8.Bb3 Bb7
9.Qe2 h6 10.Bh4 g6 11.f4 Qc7 12.O-O-O Bg7 13.Rhe1 O-O 14.e5 Nh5 15.e6 Nxf4
16.exf7+ Kh8 17.Qg4 e5 18.Ne6 Nxe6 19.Bxe6 b4 20.Qxg6 Rfc8 21.Bxd7 Qxd7 22.Bf6
{#r} 1-0

[Event "Ch Turkey (team)"]
[Site "masterchessopen.com Konya (Turkey)"]
[Date "2010.07.06"]
[Round "10"]
[White "Yilmaz Mustafa (TUR)"]
[Black "Acarbay Aydin (TUR)"]
[Result "1-0"]
[WhiteElo "2482"]
[BlackElo "1853"]

1.e4 c5 2.Nf3 d6 3.d4 cxd4 4.Nxd4 Nf6 5.Nc3 a6 6.Bg5 Nbd7 7.Bc4 Qa5 8.Qd2 b6
9.Bb3 e6 10.Be3 Ng4 11.O-O-O Nxe3 12.Qxe3 Nf6 13.f4 Be7 14.Kb1 O-O 15.g4 Qc5
16.g5 e5 17.gxf6 exd4 18.Qg3 Bxf6 19.Nd5 Bd8 20.Rhg1 g5 21.Qh4 Re8 22.fxg5
{#r} 1-0

[Event "It (open)"]
[Site "masterchessopen.com Rethymno (Greece)"]
[Date "2010.07.14"]
[Round "2"]
[White "Valenti Giuseppe (ITA)"]
[Black "Tukhaev Adam (UKR)"]
[Result "0-1"]
[WhiteElo "2162"]
[BlackElo "2550"]

1.e4 c5 2.Nf3 d6 3.d4 cxd4 4.Nxd4 Nf6 5.Nc3 a6 6.Bg5 Nbd7 7.f4 Qc7 8.Qf3 h6
9.Bh4 g5 10.fxg5 hxg5 11.Bf2 Ne5 12.Qe2 Bg4 13.Qd2 Rc8 14.Be3 Nc4 15.Bxc4 Qxc4
16.Bxg5 Bg7 17.Be3 b5 18.a3 Bd7 19.O-O-O a5 20.Qd3 b4 21.Qxc4 Rxc4 22.axb4
axb4 23.Nd5 Nxd5 24.exd5 Rh5 25.h3 Rxd5 26.Nf3 Ra5 {#R} 0-1

[Event "Ch Europe (team) (juniors) (under 18) (g)"]
[Site "masterchessopen.com Pardubice (Czech Republic)"]
[Date "2010.07.18"]
[Round "4"]
[White "Lach Aleksandra (POL)"]
[Black "Endress Anna (GER)"]
[Result "1-0"]
[WhiteElo "2206"]
[BlackElo "2160"]

1.e4 c5 2.Nf3 d6 3.d4 cxd4 4.Nxd4 Nf6 5.Nc3 a6 6.Bg5 Nbd7 7.f4 Qc7 8.Qd2 e6
9.Be2 Be7 10.O-O-O h6 11.Bxf6 Nxf6 12.Bf3 e5 13.Nf5 Bxf5 14.exf5 Rb8 15.g4
exf4 16.h4 b5 17.g5 b4 18.Ne2 Nd7 19.g6 O-O 20.gxf7+ Kh7 21.Nxf4 Rxf7 22.Bd5
Rf6 23.Rdg1 Nc5 24.Nh5 b3 25.axb3 Bf8 26.Nxf6+ gxf6 27.Qg2 Bg7 28.Qg6+ Kh8
29.Bf7 Nxb3+ 30.Bxb3 {#r} 1-0

[Event "It (open)"]
[Site "masterchessopen.com Pardubice (Czech Republic)"]
[Date "2010.07.26"]
[Round "4"]
[White "Adhiban B (IND)"]
[Black "Nilsson Sebastian (SWE)"]
[Result "1-0"]
[WhiteElo "2516"]
[BlackElo "2344"]

1.e4 c5 2.Nf3 d6 3.d4 cxd4 4.Nxd4 Nf6 5.Nc3 a6 6.Bg5 Nbd7 7.Bc4 Qb6 8.Bb3 e6
9.Be3 Nc5 10.Qf3 Be7 11.g4 Qc7 12.g5 Nfd7 13.Qh3 g6 14.f4 b5 15.f5 b4 16.fxg6
fxg6 17.Nxe6 Nxe6 18.Nd5 Qb7 19.Qxe6 Ne5 20.Ba4+ Kd8 21.Bb6+ Qxb6 22.Qxe7# 1-0

[Event "It (cat.8)"]
[Site "masterchessopen.com Szombathely (Hungary)"]
[Date "2010.07.28"]
[Round "2"]
[White "Nemeth Miklos (HUN)"]
[Black "Szabo Gergely-Andras-Gyula (ROM)"]
[Result "0-1"]
[WhiteElo "2454"]
[BlackElo "2552"]

1.e4 c5 2.Nf3 d6 3.d4 cxd4 4.Nxd4 Nf6 5.Nc3 a6 6.Bg5 Nbd7 7.f4 Qc7 8.Qf3 h6
9.Bxf6 Nxf6 10.f5 e5 11.fxe6 fxe6 12.Bd3 Bd7 13.e5 dxe5 14.Bg6+ Kd8 15.Nde2
Kc8 16.O-O-O Kb8 17.Ng3 Bb4 18.Nce4 Nd5 19.Qb3 Rc8 20.Nf2 a5 21.a3 Bc5 22.Ng4
Ra6 23.Rhe1 Rb6 24.Qf3 Ba4 25.Nxe5 Bxc2 26.Nd7+ Qxd7 27.Bxc2 Qb5 28.b4 axb4
29.a4 Qc4 30.Re4 Be3+ {#R} 0-1

[Event "Ch Austria"]
[Site "masterchessopen.com Vienna (Austria)"]
[Date "2010.07.28"]
[Round "5"]
[White "Matt Fabian (AUT)"]
[Black "Hoelzl Franz (AUT)"]
[Result "0-1"]
[WhiteElo "2125"]
[BlackElo "2327"]

1.e4 c5 2.Nf3 d6 3.d4 cxd4 4.Nxd4 Nf6 5.Nc3 a6 6.Bg5 Nbd7 7.f4 e5 8.Nf5 Qb6
9.Qd2 Qxb2 10.Rb1 Qa3 11.Be2 h6 12.Bxf6 Nxf6 13.O-O exf4 14.Rxf4 b5 15.Kh1 Be6
16.Rd1 Qc5 17.Rff1 Rc8 18.Nd5 Nxe4 19.Qf4 Bxd5 20.Rxd5 Qxd5 21.Ne3 g5 22.Qg4
Qe6 23.Nf5 Rc5 24.Bd3 Rxf5 25.Rxf5 Nf2+ {#R} 0-1

[Event "It \"]
[Site "masterchessopen.com Chalkidiki (Greece)"]
[Date "2010.08.10"]
[Round "2"]
[White "Grigoriadis Alexandros (GRE)"]
[Black "Khismatullin Denis (RUS)"]
[Result "0-1"]
[WhiteElo "2314"]
[BlackElo "2654"]

1.e4 c5 2.Nf3 d6 3.d4 cxd4 4.Nxd4 Nf6 5.Nc3 a6 6.Bg5 Nbd7 7.f4 Qc7 8.Bd3 h6
9.Bh4 g5 10.fxg5 hxg5 11.Bxg5 Qb6 12.Nf3 Qxb2 13.Bd2 Qb6 14.Rb1 Qc5 15.Na4 Qc6
16.Nc3 Bg7 17.O-O b5 18.Kh1 Bb7 19.Qe1 Bh6 20.Bxh6 Rxh6 21.Nd4 Qc5 22.Nf5 Rh8
23.Nd5 Nxd5 24.Ng7+ Kd8 25.exd5 Qxd5 26.Qg3 Qe5 27.Qxe5 Nxe5 28.Nf5 Kd7 29.a4
Rag8 30.Ne3 Rg3 {#R} 0-1

[Event "Cup Governor's (juniors)"]
[Site "masterchessopen.com Satka (Russia)"]
[Date "2010.08.21"]
[Round "8"]
[White "Vyalykh Anastasiya (RUS)"]
[Black "Bakharev Mikhail (RUS)"]
[Result "0-1"]
[WhiteElo "1793"]
[BlackElo "1943"]

1.e4 c5 2.Nf3 d6 3.d4 cxd4 4.Nxd4 Nf6 5.Nc3 a6 6.Bg5 Nbd7 7.Bd3 e6 8.O-O Be7
9.Kh1 O-O 10.f4 Qc7 11.Rf3 h6 12.Rh3 e5 13.Bxf6 Nxf6 14.Nf5 exf4 15.Qf3 Bxf5
16.exf5 d5 17.Nxd5 Nxd5 18.Qxd5 Bf6 19.c3 Rad8 20.Qb3 Rfe8 21.Rf3 Re3 22.Qd1
Rexd3 {#R} 0-1

[Event "It \"]
[Site "masterchessopen.com Thessaloniki (Greece)"]
[Date "2010.08.28"]
[Round "4"]
[White "Andriasian Zaven (ARM)"]
[Black "Raykhman Alexander (GER)"]
[Result "1-0"]
[WhiteElo "2579"]
[BlackElo "2389"]

1.e4 c5 2.Nf3 d6 3.d4 cxd4 4.Nxd4 Nf6 5.Nc3 a6 6.Bg5 Nbd7 7.Bc4 Qb6 8.Qd2 Qxb2
9.Rb1 Qa3 10.O-O e6 11.Kh1 Be7 12.f4 b5 13.Bb3 Nc5 14.Bxf6 Bxf6 15.e5 dxe5
16.fxe5 Bxe5 17.Nc6 Bc7 18.Qg5 Nxb3 19.Ne4 Qf8 20.Rxf7 Qxf7 21.Nd6+ {#r} 1-0

[Event "It (open) \"]
[Site "masterchessopen.com Bol (Croatia)"]
[Date "2010.09.15"]
[Round "3"]
[White "Elishev Ivan (RUS)"]
[Black "Juptner Jan (CZE)"]
[Result "1-0"]
[WhiteElo "2216"]
[BlackElo "2312"]

1.e4 c5 2.Nf3 d6 3.d4 cxd4 4.Nxd4 Nf6 5.Nc3 a6 6.Bg5 Nbd7 7.f4 Qc7 8.Qf3 b5
9.O-O-O Bb7 10.Bd3 Qb6 11.Bxf6 gxf6 12.Be2 h5 13.Nd5 Qa5 14.Kb1 e6 15.Nc3 Qd8
16.Nb3 f5 17.Bd3 Qf6 18.Rhe1 O-O-O 19.Rf1 Be7 20.Qe2 fxe4 21.Nxe4 Bxe4 22.Bxe4
d5 23.Bf3 Bc5 24.Rd3 h4 25.f5 Rhe8 26.Bh5 Re7 27.Qg4 Rde8 28.Qd1 {#r} 1-0

[Event "Ch Europe (juniors) (under 16)"]
[Site "masterchessopen.com Batumi (Georgia)"]
[Date "2010.09.23"]
[Round "5"]
[White "Apresyan Zohrak (ARM)"]
[Black "Krzyzanowski Marcin (POL)"]
[Result "0-1"]
[WhiteElo "2109"]
[BlackElo "2356"]

1.e4 c5 2.Nf3 d6 3.d4 cxd4 4.Nxd4 Nf6 5.Nc3 a6 6.Bg5 Nbd7 7.f4 Qc7 8.Qf3 h6
9.Bh4 g5 10.fxg5 hxg5 11.Bxg5 Qc5 12.Bxf6 Nxf6 13.Nb3 Qe5 14.Be2 Bg4 15.Qd3
Rxh2 16.Rxh2 Qxh2 17.O-O-O Qxg2 18.Bxg4 Nxg4 19.Kb1 Rc8 20.Nd4 Bg7 21.Nf5 Nf2
22.Qd2 Bxc3 23.bxc3 Qf3 24.Re1 Nxe4 25.Nxd6+ exd6 26.Qxd6 f5 27.Qg6+ Kd7
28.Qf7+ Kd6 29.Rg1 Nxc3+ 30.Ka1 Nd5 31.Rg6+ Kc5 32.Qe6 Rc6 {#R} 0-1

[Event "Ch Europe (juniors) (under 18)"]
[Site "masterchessopen.com Batumi (Georgia)"]
[Date "2010.09.26"]
[Round "7"]
[White "Huseyn Orkhan Samir (AZE)"]
[Black "Csiba Dominik (SVK)"]
[Result "0-1"]
[WhiteElo "2115"]
[BlackElo "2389"]

1.e4 c5 2.Nf3 d6 3.d4 cxd4 4.Nxd4 Nf6 5.Nc3 a6 6.Bg5 Nbd7 7.f4 Qc7 8.Qe2 e5
9.Nb3 h6 10.Bxf6 Nxf6 11.f5 b5 12.a3 d5 13.Nxd5 Nxd5 14.exd5 Bxf5 15.g4 Bg6
16.Nd4 Be7 17.Nc6 Bh4+ 18.Kd1 O-O 19.Bg2 e4 20.b3 Bf6 21.Ra2 Qd7 22.c4 bxc4
23.bxc4 Rac8 24.Kc1 Bg5+ 25.Kb1 e3+ 26.Kc1 Rxc6 27.dxc6 Qd4 28.c7 Bd3 29.Bd5
Qc3+ 30.Kd1 Qb3+ {#R} 0-1

[Event "Ch Europe (juniors) (under 14)"]
[Site "masterchessopen.com Batumi (Georgia)"]
[Date "2010.09.28"]
[Round "9"]
[White "Taube Gregor (NOR)"]
[Black "Giroyan Gary (FRA)"]
[Result "0-1"]
[WhiteElo "1926"]
[BlackElo "2244"]

1.e4 c5 2.Nf3 d6 3.d4 cxd4 4.Nxd4 Nf6 5.Nc3 a6 6.Bg5 Nbd7 7.f4 Qc7 8.Qf3 h6
9.Bxf6 Nxf6 10.h3 e6 11.O-O-O b5 12.Bd3 Bb7 13.Rhe1 Be7 14.Qg3 O-O 15.Kb1 b4
16.Nd5 Nxd5 17.exd5 Bxd5 18.f5 Bf6 19.Qg4 e5 20.Ne2 Rac8 21.Ng3 Qa5 22.b3 e4
23.Nh5 Bc3 24.a4 bxa3 25.Ka2 exd3 26.Rxd3 Qb4 27.Qg3 Bd4 28.Re2 Rc3 29.Rxd4
Bxb3+ 30.Ka1 Qxd4 {#R} 0-1

[Event "Tournament (open) (seniors)"]
[Site "masterchessopen.com Novosibirsk (Russia)"]
[Date "2010.09.29"]
[Round "5"]
[White "Klimov Valery (RUS)"]
[Black "Russkikh Mikhail (RUS)"]
[Result "1-0"]
[WhiteElo "1940"]
[BlackElo "1922"]

1.e4 c5 2.Nf3 d6 3.d4 cxd4 4.Nxd4 Nf6 5.Nc3 a6 6.Bg5 Nbd7 7.Qe2 Qa5 8.f4 b5
9.O-O-O Qc7 10.a3 Bb7 11.Bxf6 gxf6 12.Nd5 Qb8 13.Qh5 Nc5 14.Bd3 Bxd5 15.exd5
b4 16.Nc6 Qb6 17.axb4 Na4 18.Rhe1 a5 19.b5 Nc5 20.Qf5 a4 21.Qxf6 Rg8 22.Rxe7+
{#r} 1-0

[Event "Ch Provincial (final)"]
[Site "masterchessopen.com Villa Clara (Cuba)"]
[Date "2010.10.12"]
[Round "5"]
[White "Ramos Galindo Luis Ernesto (CUB)"]
[Black "Ruiz Sanchez Orlen (CUB)"]
[Result "0-1"]
[WhiteElo "2180"]
[BlackElo "2407"]

1.e4 c5 2.Nf3 d6 3.d4 cxd4 4.Nxd4 Nf6 5.Nc3 a6 6.Bg5 Nbd7 7.Bc4 Qb6 8.Bb3 e6
9.f3 Be7 10.Qd2 Nc5 11.O-O-O Qc7 12.Kb1 b5 13.g4 Bd7 14.h4 b4 15.Nce2 a5 16.c3
a4 17.Bc2 b3 18.axb3 axb3 19.Nxb3 Qa7 20.Nec1 e5 21.Bxf6 gxf6 22.Bd3 Nxb3
23.Nxb3 Qa2+ 24.Kc2 Qxb3+ 25.Kxb3 Ba4+ {#R} 0-1

[Event "Ch Brazil (1/2 final)"]
[Site "masterchessopen.com Recife (Brazil)"]
[Date "2010.10.30"]
[Round "2"]
[White "Souza Rafael Cabral De (BRA)"]
[Black "Monte Edmar Ferreira (BRA)"]
[Result "1-0"]
[WhiteElo "2075"]
[BlackElo "1768"]

1.e4 c5 2.Nf3 d6 3.d4 cxd4 4.Nxd4 Nf6 5.Nc3 a6 6.Bg5 Nbd7 7.Bc4 Qa5 8.Qd2 g6
9.f3 Bg7 10.O-O-O O-O 11.g4 Ne5 12.Bb3 Bd7 13.h4 Rac8 14.h5 Nc4 15.Bxc4 Rxc4
16.Nb3 Qc7 17.e5 Nxg4 18.Nd5 Qb8 19.Nxe7+ Kh8 20.hxg6 fxg6 21.Qd5 Rxc2+
22.Kxc2 Nxe5 23.Rxh7+ Kxh7 24.Rh1+ Bh6 25.Bxh6 Rc8+ 26.Kd1 {#r} 1-0

[Event "Ch Brazil (universities)"]
[Site "masterchessopen.com Blumenau (Brazil)"]
[Date "2010.11.14"]
[Round "7"]
[White "Vescovi Giovanni (BRA)"]
[Black "Martins Vinicius Tine (BRA)"]
[Result "1-0"]
[WhiteElo "2622"]
[BlackElo "2336"]

1.e4 c5 2.Nf3 d6 3.d4 cxd4 4.Nxd4 Nf6 5.Nc3 a6 6.Bg5 Nbd7 7.f4 Qc7 8.Qf3 h6
9.Bxf6 Nxf6 10.f5 g5 11.fxg6 fxg6 12.O-O-O Bg4 13.Nd5 Qd7 14.Qxf6 exf6
15.Nxf6+ Ke7 16.Nxd7 Bxd1 17.Nxf8 Rhxf8 18.Kxd1 Rf4 19.Bd3 Raf8 20.Nf3 Kd7
21.Ke2 Re8 22.Ke3 Rf6 23.Bc4 Rf5 24.Rd1 Rc5 25.Bb3 g5 26.h3 h5 27.c3 g4
28.hxg4 hxg4 29.Nh2 g3 30.Nf3 Rcc8 31.Kf4 {#r} 1-0

[Event "It (open) (b)"]
[Site "masterchessopen.com Rijeka (Croatia)"]
[Date "2010.11.16"]
[Round "5"]
[White "Jerkovic Ivan (CRO)"]
[Black "Stocko Josip (CRO)"]
[Result "1-0"]
[WhiteElo "2169"]
[BlackElo "2176"]

1.e4 c5 2.Nf3 d6 3.d4 cxd4 4.Nxd4 Nf6 5.Nc3 a6 6.Bg5 Nbd7 7.Bc4 e6 8.Qe2 Qa5
9.f4 b5 10.Bxe6 fxe6 11.Nxe6 Nc5 12.Nxc5 dxc5 13.Bxf6 gxf6 14.Qh5+ Ke7
15.Qxc5+ Kf7 16.Qd5+ Be6 17.Qxa8 Bb4 18.Qb7+ Kg6 19.O-O Bc8 20.Qc6 Rd8 21.Nd5
{#r} 1-0

[Event "It (open)"]
[Site "masterchessopen.com Bogota (Colombia)"]
[Date "2010.12.03"]
[Round "2"]
[White "Casallas Abril Dario Hernan (COL)"]
[Black "Ortiz Isam (CUB)"]
[Result "0-1"]
[WhiteElo "2029"]
[BlackElo "2493"]

1.e4 c5 2.Nf3 d6 3.d4 cxd4 4.Nxd4 Nf6 5.Nc3 a6 6.Bg5 Nbd7 7.f4 Qb6 8.Nb3 h6
9.Bh4 Qe3+ 10.Be2 Qxf4 11.Bg3 Qg5 12.Nd4 e6 13.Nf3 Qa5 14.Qd2 b5 15.Bd3 Bb7
16.Nb1 Qxd2+ 17.Nbxd2 Nc5 18.e5 dxe5 19.Bxe5 Nd5 20.O-O Nxd3 21.cxd3 f6 22.Bg3
Nb4 23.Rfe1 Nc2 24.Rxe6+ Kd7 25.Rc1 Kxe6 26.Rxc2 Rc8 {#R} 0-1

[Event "It \"]
[Site "masterchessopen.com Kislovodsk (Russia)"]
[Date "2010.12.16"]
[Round "6"]
[White "Andriasian Siranush (ARM)"]
[Black "Karapetyan A"]
[Result "1-0"]
[WhiteElo "2214"]
[BlackElo "2101"]

1.e4 c5 2.Nf3 d6 3.d4 cxd4 4.Nxd4 Nf6 5.Nc3 a6 6.Bg5 Nbd7 7.Qe2 h6 8.Bh4 e6
9.f4 Be7 10.O-O-O Qc7 11.g4 b6 12.Bg2 Rb8 13.e5 dxe5 14.Nc6 {#r} 1-0

[Event "It (open)"]
[Site "masterchessopen.com Bosnjaci (Croatia)"]
[Date "2011.01.06"]
[Round "5"]
[White "Rubil Marko (CRO)"]
[Black "Zivkovic Vjekoslav (CRO)"]
[Result "0-1"]
[WhiteElo "2181"]
[BlackElo "2379"]

1.e4 c5 2.Nf3 d6 3.d4 cxd4 4.Nxd4 Nf6 5.Nc3 a6 6.Bg5 Nbd7 7.Qd2 b5 8.f3 e6
9.O-O-O Bb7 10.h4 Be7 11.Kb1 O-O 12.Re1 Rc8 13.g4 Ne5 14.Rg1 b4 15.Nd1 a5
16.Bxf6 Bxf6 17.g5 Be7 18.f4 Nc6 19.Nf3 a4 20.Bd3 b3 21.cxb3 axb3 22.a3 d5
23.exd5 Qxd5 24.Be4 Qc5 25.Nf2 Rfd8 26.Nd3 Qa7 27.Qe3 Qa5 28.Rc1 Bxa3 29.bxa3
Qxa3 30.Rg2 Ra8 31.Bxh7+ Kh8 {#R} 0-1

[Event "Ch Iran"]
[Site "masterchessopen.com Tabriz (Iran)"]
[Date "2011.01.08"]
[Round "10"]
[White "Hosseinzadeh Nima (IRI)"]
[Black "Darini Pouria (IRI)"]
[Result "0-1"]
[WhiteElo "2249"]
[BlackElo "2470"]

1.e4 c5 2.Nf3 d6 3.d4 cxd4 4.Nxd4 Nf6 5.Nc3 a6 6.Bg5 Nbd7 7.f4 Qc7 8.Qe2 e5
9.Nf5 h6 10.Bxf6 Nxf6 11.O-O-O exf4 12.Nd5 Nxd5 13.exd5+ Be7 14.Nxg7+ Kd8
15.Qe4 Bf6 16.Nh5 Re8 17.Qh7 Be5 18.Qxh6 Qb6 19.c3 Qe3+ 20.Kc2 Bf5+ 21.Rd3
Bxd3+ 22.Bxd3 Qf2+ 23.Kb1 Qxg2 24.Re1 Rh8 25.Bh7 Qg6+ {#R} 0-1

[Event "It (cat.2) (b)"]
[Site "masterchessopen.com Marianske Lazne (Czech Republic)"]
[Date "2011.01.21"]
[Round "8"]
[White "Vlasak Lukas (CZE)"]
[Black "Plischki Sebastian (GER)"]
[Result "1-0"]
[WhiteElo "2319"]
[BlackElo "2337"]

1.e4 c5 2.Nf3 d6 3.d4 cxd4 4.Nxd4 Nf6 5.Nc3 a6 6.Bg5 Nbd7 7.Bc4 Qb6 8.Bb3 e6
9.Qd2 Be7 10.O-O-O Nc5 11.f3 O-O 12.Kb1 Qc7 13.g4 b5 14.a3 Bd7 15.Bxf6 Bxf6
16.g5 Be7 17.f4 Rfb8 18.f5 a5 19.fxe6 fxe6 20.e5 dxe5 21.Nf5 Bf8 22.Ne4 Nxb3
23.Nh6+ gxh6 24.Nf6+ Kg7 25.Qd3 Bd6 26.Qxh7+ Kf8 27.Nxd7+ Ke8 28.Nf6+ Kd8
29.Qg8+ Ke7 30.Qh7+ Kd8 31.Qg8+ Ke7 32.Qg7+ {#r} 1-0

[Event "Memorial Ildeu Valadares (open)"]
[Site "masterchessopen.com Brasilia (Brazil)"]
[Date "2011.02.13"]
[Round "4"]
[White "Mariano Marceley Martins (BRA)"]
[Black "Barbalho Gil Somar Silva"]
[Result "1-0"]
[WhiteElo "2069"]
[BlackElo "1968"]

1.e4 c5 2.Nf3 d6 3.d4 cxd4 4.Nxd4 Nf6 5.Nc3 a6 6.Bg5 Nbd7 7.Bc4 Qb6 8.Qd2 e6
9.O-O-O Be7 10.f4 h6 11.Bh4 Nc5 12.Bxf6 Bxf6 13.Kb1 Qc7 14.Ndb5 axb5 15.Nxb5
Qb6 16.Nxd6+ Kf8 17.e5 Be7 18.Qe2 Na4 19.Bb3 Qc6 20.Rd4 Qc3 21.Rxa4 {#r} 1-0